|
|
|
|
| LEADER |
00000cas a2200000 a 4500 |
| 001 |
vtls008307242 |
| 003 |
SK-MaSNL |
| 005 |
20260228155831.0 |
| 008 |
051103d19531953xo ar 000 b0slo c |
| 022 |
|
|
|a 0417-7304
|
| 040 |
|
|
|a SVKPO
|b slo
|c SVKPO
|d SAVUK
|e AACR2
|
| 041 |
0 |
|
|a slo
|
| 044 |
|
|
|a xo
|c SK
|
| 072 |
|
7 |
|a 792
|x Divadlo. Divadelné predstavenia
|2 konspekt
|
| 080 |
|
|
|a 792.01/.09
|2 2001
|
| 080 |
|
|
|a 792(=162.4)
|2 2001
|
| 210 |
0 |
|
|a Divadelnoved. sb.
|
| 222 |
|
0 |
|a Divadelnovedný sborník
|
| 245 |
0 |
0 |
|a Divadelnovedný sborník Slovenskej akadémie vied
|
| 246 |
1 |
4 |
|a Divadelnovedný sborník
|
| 260 |
|
|
|a Bratislava
|b Vydavateľstvo Slovenskej akadémie vied
|c 1953
|
| 300 |
|
|
|a 1 zv.
|b ilustr.
|c 24 cm
|
| 310 |
|
|
|a 1x ročne
|
| 362 |
0 |
|
|a Roč. 1 (1953)
|
| 504 |
|
|
|a Bibliografia slovenskej tlače 1951 o otázkach divadla: s. 269-287
|
| 650 |
0 |
7 |
|a teatrológia
|2 SNKPH
|9 4372
|
| 650 |
0 |
7 |
|a slovenské divadlo
|2 SNKPH
|9 3370
|
| 710 |
2 |
|
|a Slovenská akadémia vied
|9 125200
|
| 785 |
0 |
0 |
|t Slovenské divadlo
|x 0037-699X
|
| 850 |
|
|
|a Štátna vedecká knižnica v Prešove
|
| 910 |
|
|
|a savuk
|
| 916 |
|
|
|a 1953
|
| 999 |
|
|
|c 700
|d 700
|
| 952 |
|
|
|0 0
|1 0
|4 0
|7 0
|a SNK
|b SNK
|d 2003-09-04
|i snkII. 1301/54
|l 0
|o snkČSC 530/1/1953 D1
|p 17A0394956
|r 2005-01-02 00:00:00
|t R. 1953
|w 2026-02-21
|y PREZ
|z R. 1953
|
| 952 |
|
|
|0 0
|1 0
|4 0
|7 0
|a SNK
|b SNK
|d 2013-09-25
|f 1
|i snkPV 2426/1955
|l 0
|o snkČSC 530/1/1953
|p 17A1085824
|r 2026-02-21 21:31:28
|t č. 1
|w 2026-02-21
|y PREZ
|